00478nam a2200193Ia 4500008004100000020001800041050001400059100001600073245001800089245004300107260001500150260001600165260000900181300001500190300002700205300001000232440003400242500000800276170918s9999 xx 000 0 und d a9780439264389 bN571 2000 aNeye, Emily aButterflies / cEmily Neye ; illustrated by Ron Broda. aNew York : bScholastic, c2000 a32 pages : bcolored illustration ; c23cm. aPenguin young reader level 2. a180